000 00609nam a22001817a 4500
999 _c18756
_d18756
008 240125b ||||| |||| 00| 0 eng d
020 _a9781032114682
082 _22023
_aDC 808.00285
_bC236
100 _aCarroll, Brian.
_950815
245 _aWriting and editing for digital media /
_cBrian Carroll.
250 _aFifth edition.
260 _aNew York :
_bRoutledege,
_c©2023.
300 _axii, 346 pages :
_billustrations ;
_c25 cm.
500 _aIncludes bibliography, references, and index.
650 _aDigital media
_xAuthorship.
_951824
650 _aOnline journalism.
_944171
942 _2ddc
_cDC